000 00281nam a22001217a 4500
008 181101b xxu||||| |||| 00| 0 eng d
041 _aeng
080 _211TH
_a573
100 _a11
101 _aMIC
245 _aRewiew Of medical Microbiology
_cJawetz .E
942 _2udc
_cBK
999 _c51465
_d51465